Konkurenčné prostredie podniku vo vybranom odvetví bakalárska práca

Na minha lista:
Detalhes bibliográficos
Autor principal: Verešová, Monika
Autor Corporativo: Podnikovohospodárska fakulta EU so sídlom v Košiciach. Katedra ekonómie
Outros Autores: Bruothová, Michaela, 1979-
Formato: Livro
Idioma:eslovaco
Publicado em: Košice 2021
Tags: Adicionar Tag
Sem tags, seja o primeiro a adicionar uma tag!

MARC

LEADER 00000nbm a2200000 4500
001 0275001
005 20240827092508.2
041 0 |a slo 
044 |a SK 
245 1 0 |a Konkurenčné prostredie podniku vo vybranom odvetví  |b bakalárska práca  |c Monika Verešová ; školiteľ: Michaela Bruothová 
264 1 |a Košice  |c 2021 
300 |a 70 s. 
100 1 |a Verešová, Monika 
700 1 |a Bruothová, Michaela, 1979- 
710 2 |a Podnikovohospodárska fakulta EU so sídlom v Košiciach. Katedra ekonómie